[Event "Catalunya-ch U12"]
[Site "Sabadell"]
[Date "2010.01.23"]
[Round "2"]
[White "Segui Ruiz, Gabriel"]
[Black "Trillo Silvan, Xavier"]
[Result "0-1"]
[WhiteElo "1725"]
[BlackElo "1700"]
[PlyCount "78"]
[EventDate "2010.01.16"]
[EventType "swiss"]
[EventRounds "6"]
[EventCountry "ESP"]
[SourceTitle "EXT 2024"]
[Source "ChessBase"]
[SourceDate "2023.10.10"]
[SourceVersion "1"]
[SourceVersionDate "2023.10.10"]
[SourceQuality "1"]

1. e4 c5 2. Nc3 Nc6 3. Bb5 g6 4. Nf3 Bg7 5. d3 e5 6. Bg5 Nf6 7. Bxf6 Qxf6 8. Nd5 Qd8 9. c4 Qa5+ 10. b4 Nxb4 11. Nxb4 Qxb4+ 12. Nd2 a6 13. Rb1 Qa5 14. Ba4 Bh6 15. 0-0 Bxd2 16. Qc2 0-0 17. Rbd1 Bc3 18. Rb1 d6 19. Rbc1 Bd4 20. a3 b5 21. cxb5 axb5 22. Bb3 Qxa3 23. Qa2 Qxa2 24. Bxa2 Rxa2 25. Rfe1 Bxf2+ 26. Kf1 Bxe1 27. Rxe1 b4 28. g4 Ba6 29. g5 Bxd3+ 30. Kg1 Rfa8 31. h3 Ra1 32. Rxa1 Rxa1+ 33. Kg2 Bxe4+ 34. Kg3 Bg2 35. Kxg2 Ra3 36. Kf1 Ra2 37. h4 b3 38. Ke1 b2 39. Ke2 b1Q+ 0-1